<?xml version="1.0" encoding="UTF-8"?>
<record
    xmlns:xsi="http://www.w3.org/2001/XMLSchema-instance"
    xsi:schemaLocation="http://www.loc.gov/MARC21/slim http://www.loc.gov/standards/marcxml/schema/MARC21slim.xsd"
    xmlns="http://www.loc.gov/MARC21/slim">

  <leader>00345nam a2200097   4500</leader>
  <datafield tag="245" ind1=" " ind2=" ">
    <subfield code="a">Critical exposition of the philosophy of Leibniz :</subfield>
    <subfield code="c">by Bertrand Russell ; with an appendix of leading passages by Bertrand Russell</subfield>
  </datafield>
  <datafield tag="100" ind1=" " ind2=" ">
    <subfield code="a">Russell, Bertrand</subfield>
  </datafield>
  <datafield tag="260" ind1=" " ind2=" ">
    <subfield code="a">London</subfield>
    <subfield code="b">George Allen &amp; UNwin</subfield>
    <subfield code="c">1975</subfield>
  </datafield>
  <datafield tag="300" ind1=" " ind2=" ">
    <subfield code="a">xxii,311p.;  22cm.</subfield>
  </datafield>
  <datafield tag="082" ind1=" " ind2=" ">
    <subfield code="a">193</subfield>
    <subfield code="b">RUS</subfield>
  </datafield>
  <datafield tag="952" ind1=" " ind2=" ">
    <subfield code="0">0</subfield>
    <subfield code="1">0</subfield>
    <subfield code="4">0</subfield>
    <subfield code="7">0</subfield>
    <subfield code="8">REL</subfield>
    <subfield code="a">NEHU</subfield>
    <subfield code="b">NEHU</subfield>
    <subfield code="d">2011-11-24</subfield>
    <subfield code="l">1</subfield>
    <subfield code="o">193 RUS</subfield>
    <subfield code="p">13716</subfield>
    <subfield code="r">2021-04-27 00:00:00</subfield>
    <subfield code="s">2020-05-11</subfield>
    <subfield code="w">2011-11-24</subfield>
    <subfield code="y">BK</subfield>
  </datafield>
  <datafield tag="999" ind1=" " ind2=" ">
    <subfield code="c">7020</subfield>
    <subfield code="d">7020</subfield>
  </datafield>
</record>
